| 000 | 00853nam a22002657i 4500 | ||
|---|---|---|---|
| 005 | 20210818182123.0 | ||
| 008 | 181227s2005 uy a br 000 m spa d | ||
| 020 | _a9974782791 | ||
| 040 |
_aCOMFC _bspa _erda |
||
| 041 | _aspa | ||
| 099 | _aL. I. KREP | ||
| 100 | 1 |
_953729 _aKreimer, Ariela _eaut |
|
| 245 | 1 | 3 |
_aEl pato Patatín _cAriela Kreimer |
| 264 |
_aMontevideo (Uruguay) _bLatinbooks International S. A. _c2005 |
||
| 300 |
_a[8] páginas _bilustraciones _c14 x 19.5 cm |
||
| 336 |
_2rdacontent _atxt |
||
| 337 |
_2rdamedia _an |
||
| 338 |
_2rdacarrier _anc |
||
| 490 |
_953730 _aColección mis mascotas y animales preferidos |
||
| 090 | _aL. I. KREP | ||
| 650 | 0 |
_921349 _aLiteratura Infantil |
|
| 650 | 0 |
_953728 _aPoemas Narrativos |
|
| 650 | 0 |
_953696 _aCuentos Ilustrados para Niños |
|
| 942 |
_2ddc _hL. I. KREP _kL. I. _mKREP |
||
| 999 |
_c14360 _d14360 |
||